000 00900nam a22002897a 4500
003 CHAP
005 20220329141711.0
008 971013s1969 r 00010 d
010 _a72467
011 _a73439
035 _a82996
040 _cCHAP
090 _aFolleto 4741
100 0 0 _aBarahona Streber, Oscar.
_910032
245 _aManual latinoamericano sobre crédito rural
260 _aGuatemala :
_bFederación de Cajas de Crédito,
_c1969
300 _a71 p.
590 _aBATCH-UPD
_b10
_c20130110
_lUCH01
_h0358
590 _aBATCH-UPD
_b10
_c20130410
_lUCH01
_h0031
590 _aBATCH-UPD
_b10
_c20130410
_lUCH01
_h1552
590 _aBATCH-UPD
_b10
_c20130914
_lUCH01
_h0535
590 _aCONVERSION
_b10
_c20130109
_lUCH01
_h1340
650 1 4 _aCrédito agrícola
_xAmérica Latina.
_929027
901 _aBK
942 _cFOLL
949 _aFolleto 4741
_bBC
_cFOLL
_d-37304
_eTS1
_i82996
_mD
_si
999 _c72467
_d72467